000 00836nam0a22002771 4500
001 v19\rc\2037362
005 20251118181555.5
035 _a(NLR Aleph) 005115436
090 _a7537955
_c7537955
100 _a20080925d1917 u y0rusy50 ca
101 0 _arus
102 _aRU
105 _ay z |||||
200 1 _aДостоинство человека и права гражданина
_fП.В. Мокиевский
210 _aПетроград
_cгаз. "Земля"
_d1917
215 _a15 с.
_d23
700 1 _aМокиевский
_bП.В.
_f1856-1927
_gПавел Васильевич
801 0 _aRU
_bNLR
_gpsbo
801 0 _aRU
_bRuMoRGB
_2psbo
801 1 _aRU
_bProSoft-M
_2rusmarc
852 _aNLR
_j37.76.8.361
899 _aГПИБ
899 _aRuMoRGB
_jV 107/191
899 _aБАН
942 _cBOOK
980 _aNB